Statistics for 50 Random country flag-shapes of the world

Click here to take the quiz!

General Stats

  • This quiz has been taken 37 times
  • The average score is 40 of 50

Answer Stats

Answer% Correct
Albania
100%
Angola
100%
Australia
100%
Austria
100%
Azerbaijan
100%
Bahamas
100%
Bangladesh
100%
Barbados
100%
Belarus
100%
Belgium
100%
Bhutan
100%
Brazil
100%
Burundi
100%
Chile
100%
China
100%
Croatia
100%
Cuba
100%
Cyprus
100%
Czech Republic
100%
Denmark
100%
Dominica
100%
Dominican Republic
100%
Egypt
100%
Eswatini
100%
Ethiopia
100%
Finland
100%
France
100%
F.S. Micronesia
100%
Germany
100%
Greece
100%
Haiti
100%
Iceland
100%
India
100%
Indonesia
100%
Italy
100%
Ivory Coast
100%
Jordan
100%
Kazakhstan
100%
Kuwait
100%
Latvia
100%
Liechtenstein
100%
Lithuania
100%
Mali
100%
Malta
100%
Mexico
100%
Mongolia
100%
Montenegro
100%
Morocco
100%
Mozambique
100%
Myanmar
100%
Netherlands
100%
New Zealand
100%
Niger
100%
Norway
100%
Oman
100%
Panama
100%
Papua New Guinea
100%
Paraguay
100%
Philippines
100%
Poland
100%
Portugal
100%
Rep. of the Congo
100%
Romania
100%
Russia
100%
Saint Lucia
100%
Slovakia
100%
South Africa
100%
Spain
100%
Sri Lanka
100%
Sudan
100%
Sweden
100%
Switzerland
100%
Taiwan
100%
Ukraine
100%
United Arab Emirates
100%
United Kingdom
100%
United States
100%
Uruguay
100%
Uzbekistan
100%
Vatican City
100%
Vietnam
100%
Zimbabwe
100%
Kenya
86%
Monaco
83%
Serbia
83%
Burkina Faso
80%
Cambodia
80%
Chad
80%
D.R. Congo
80%
Guyana
80%
Jamaica
80%
Kosovo
80%
Laos
80%
Libya
80%
Nigeria
80%
Singapore
80%
Afghanistan
75%
Armenia
75%
Benin
75%
Bosnia and Herzegovina
75%
Cameroon
75%
Comoros
75%
Costa Rica
75%
Djibouti
75%
Guatemala
75%
Iran
75%
Ireland
75%
Nepal
75%
Peru
75%
Senegal
75%
Slovenia
75%
Somalia
75%
Tajikistan
75%
Turkmenistan
75%
Venezuela
75%
Andorra
67%
Argentina
67%
Belize
67%
Brunei
67%
Colombia
67%
Ecuador
67%
Georgia
67%
Grenada
67%
Kyrgyzstan
67%
Liberia
67%
Madagascar
67%
Namibia
67%
Nicaragua
67%
North Korea
67%
North Macedonia
67%
Qatar
67%
Samoa
67%
Saudi Arabia
67%
Solomon Islands
67%
South Korea
67%
South Sudan
67%
Suriname
67%
Thailand
67%
Turkey
67%
Yemen
67%
Fiji
60%
Saint Vincent and the Grenadines
60%
Algeria
50%
Bolivia
50%
Canada
50%
Cape Verde
50%
El Salvador
50%
Estonia
50%
Gabon
50%
Gambia
50%
Ghana
50%
Guinea-Bissau
50%
Hungary
50%
Japan
50%
Lesotho
50%
Luxembourg
50%
Malawi
50%
Malaysia
50%
Mauritania
50%
Moldova
50%
Palau
50%
Rwanda
50%
Saint Kitts and Nevis
50%
Seychelles
50%
Tanzania
50%
Togo
50%
Tunisia
50%
Uganda
50%
Vanuatu
50%
Guinea
40%
Maldives
40%
East Timor
33%
Kiribati
33%
Marshall Islands
33%
Central African Republic
25%
Honduras
25%
Mauritius
25%
Nauru
25%
Antigua and Barbuda
20%
Bahrain
0%
Botswana
0%
Bulgaria
0%
Equatorial Guinea
0%
Eritrea
0%
Iraq
0%
Israel
0%
Lebanon
0%
Pakistan
0%
San Marino
0%
São Tomé and Príncipe
0%
Sierra Leone
0%
Syria
0%
Tonga
0%
Trinidad and Tobago
0%
Tuvalu
0%
Zambia
0%

Score Distribution

Percentile by Number Answered

Percent of People with Each Score

Your Score History

You have not taken this quiz